Economía del trabajo y los salarios / (Registro nro. 7461)

Detalles MARC
000 -LEADER
fixed length control field 01626cam a2200325 a 4500
003 - CONTROL NUMBER IDENTIFIER
control field OSt
005 - DATE AND TIME OF LATEST TRANSACTION
control field 20210305152104.0
008 - FIXED-LENGTH DATA ELEMENTS--GENERAL INFORMATION
fixed length control field 021025s1984 sp r 000 0 spa d
020 ## - INTERNATIONAL STANDARD BOOK NUMBER
International Standard Book Number 8420680850
040 ## - CATALOGING SOURCE
Original cataloging agency ZS4
Transcribing agency CO-JMCR
041 1# - LANGUAGE CODE
Language code of text/sound track or separate title spa
Language code of original eng
082 04 - DEWEY DECIMAL CLASSIFICATION NUMBER
Classification number 331 /
Item number H214e
Edition number 23
100 1# - MAIN ENTRY--PERSONAL NAME
Personal name Hamermesh, Daniel S.
Relator term autor
9 (RLIN) 14435
245 10 - TITLE STATEMENT
Title Economía del trabajo y los salarios /
Statement of responsibility, etc. Daniel S. Hamermesh y Albert Rees ; traducción Esther Rabasco Espariz
260 ## - PUBLICATION, DISTRIBUTION, ETC.
Place of publication, distribution, etc. Madrid :
Name of publisher, distributor, etc. Alianza,
Date of publication, distribution, etc. 1984.
300 ## - PHYSICAL DESCRIPTION
Extent 462 páginas :
Other physical details ilustraciones y gráficas a blanco y negro ;
Dimensions 23 cm.
490 0# - SERIES STATEMENT
Series statement Alianza universidad ;
Volume/sequential designation Textos
504 ## - BIBLIOGRAPHY, ETC. NOTE
Bibliography, etc. note Incluye referencias bibliográficas.
505 0# - FORMATTED CONTENTS NOTE
Formatted contents note Oferta de trabajo -- La demanda de trabajo -- Los mercados de trabajo -- Mercados de trabajo sindicados -- Diferencias salariales
520 0# - SUMMARY, ETC.
Summary, etc. La economía laboral rama del análisis económico que de ocupa de temas tales como la oferta de trabajo, el grado de incidencia del desempleo, la dimensión de los salarios y la asignación de los trabajos a los diversos usos tiene una entidad disciplinaria propia a consecuencia de las marcadas diferencias que ofrece el mercado de trabajo respecto a los mercados de mercancías y de otros factores de producción.
534 ## - ORIGINAL VERSION NOTE
Title statement of original Economics of work and pay.
650 24 - SUBJECT ADDED ENTRY--TOPICAL TERM
Topical term or geographic name entry element Economía del trabajo
9 (RLIN) 5165
650 24 - SUBJECT ADDED ENTRY--TOPICAL TERM
Topical term or geographic name entry element Salarios
9 (RLIN) 2561
650 24 - SUBJECT ADDED ENTRY--TOPICAL TERM
Topical term or geographic name entry element Mercado laboral
9 (RLIN) 14436
650 24 - SUBJECT ADDED ENTRY--TOPICAL TERM
Topical term or geographic name entry element Sindicatos
9 (RLIN) 12281
650 24 - SUBJECT ADDED ENTRY--TOPICAL TERM
Topical term or geographic name entry element Movilidad laboral
9 (RLIN) 6434
700 1# - ADDED ENTRY--PERSONAL NAME
Personal name Rees, Albert,
Relator term autor
9 (RLIN) 14437
700 1# - ADDED ENTRY--PERSONAL NAME
Personal name Rabasco Espariz, María Esther,
Relator term traductora
9 (RLIN) 4737
942 ## - ADDED ENTRY ELEMENTS (KOHA)
Source of classification or shelving scheme Dewey Decimal Classification
Koha item type Books
Existencias
Withdrawn status Lost status Source of classification or shelving scheme Damaged status Not for loan Home library Current library Shelving location Date acquired Source of acquisition Total Checkouts Full call number Barcode Date last seen Copy number Price effective from Koha item type
    Dewey Decimal Classification     Biblioteca Pública José María del Castillo y Rada Biblioteca Pública José María del Castillo y Rada General Stacks   Donación   331 / H214e 201810703 05/16/2024 Ej.1   Books